书目信息 |
| 题名: |
青花瓷片纹饰图鉴
|
|
| 作者: | 余继明 编著 | |
| 分册: | ||
| 出版信息: | 杭州 浙江大学出版社 2007.03 |
|
| 页数: | 124页 | |
| 开本: | 21cm | |
| 丛书名: | 中国收藏鉴赏丛书 | |
| 单 册: | ||
| 中图分类: | K876.32 | |
| 科图分类: | ||
| 主题词: | 青花瓷(考古)--qing hua ci ( kao gu )--鉴赏--中国--明清时代--图录 | |
| 电子资源: | ||
| ISBN: | 978-7-308-04578-0 | |
| 000 | 00851nam 2200253 450 | |
| 001 | 0187017358 | |
| 005 | 20081008144052.92 | |
| 010 | @a978-7-308-04578-0@dCNY35.00 | |
| 100 | @a20070619d2007 em y0chiy0121 ea | |
| 101 | 0 | @achi |
| 102 | @aCN@b330000 | |
| 105 | @aa z 000yy | |
| 200 | 1 | @a青花瓷片纹饰图鉴@Aqing hua ci pian wen shi tu jian@f余继明编著 |
| 210 | @a杭州@c浙江大学出版社@d2007.03 | |
| 215 | @a124页@c彩图@d21cm | |
| 225 | 2 | @a中国收藏鉴赏丛书@Azhong guo shou cang jian shang cong shu |
| 330 | @a本书收录了明清时代青花瓷片纹饰若干款,并对历代纹饰的特征作了简要介绍。 | |
| 410 | 0 | @12001 @a中国收藏鉴赏丛书 |
| 606 | 0 | @a青花瓷(考古)@Aqing hua ci ( kao gu )@x鉴赏@y中国@z明清时代@j图录 |
| 690 | @aK876.32@v4 | |
| 701 | 0 | @a余继明@Ayu ji ming@4编著 |
| 801 | 0 | @aCN@bLR@c20081008 |
| 905 | @aZUCC@dK876.32@eY757 | |
| 999 | @aGH | |
| 青花瓷片纹饰图鉴/余继明编著.-杭州:浙江大学出版社,2007.03 |
| 124页:彩图;21cm.-(中国收藏鉴赏丛书) |
| ISBN 978-7-308-04578-0:CNY35.00 |
| 本书收录了明清时代青花瓷片纹饰若干款,并对历代纹饰的特征作了简要介绍。 |
| ● |
| 相关链接 |
|
|
|
正题名:青花瓷片纹饰图鉴
索取号:K876.32/Y757
 
预约/预借
| 序号 | 登录号 | 条形码 | 馆藏地/架位号 | 状态 | 备注 |
| 1 | 841218 | 208412181 | 社科库309/309社科库 8排2列6层/ [索取号:K876.32/Y757] | 在馆 | |
| 2 | 841219 | 208412190 | 社科库309/309社科库 8排2列6层/ [索取号:K876.32/Y757] | 在馆 | |
| 3 | 841220 | 208412207 | 社科库309/309社科库 8排2列6层/ [索取号:K876.32/Y757] | 在馆 |